000 01562nam a2200385 a 4500
001 ebr10424697
003 CaPaEBR
006 m u
007 cr cn|||||||||
008 080221s2008 miua sb s001 0 eng
010 _z 2008007854
020 _z9780472114412 (alk. paper)
020 _z0472114417 (alk. paper)
020 _z9780472033065 (pbk. : alk. paper)
020 _z0472033069 (pbk. : alk. paper)
040 _aCaPaEBR
_cCaPaEBR
035 _a(OCoLC)671654179
043 _an-us---
050 1 4 _aQ127.U6
_bN398 2008eb
082 0 4 _a338.973/06
_222
100 1 _aNeal, Homer A.
245 1 0 _aBeyond Sputnik
_h[electronic resource] :
_bU.S. science policy in the twenty-first century /
_cHomer A. Neal, Tobin L. Smith, and Jennifer B. McCormick.
260 _aAnn Arbor :
_bUniversity of Michigan Press,
_cc2008.
300 _ax, 386 p. :
_bill.
504 _aIncludes bibliographical references and index.
533 _aElectronic reproduction.
_bPalo Alto, Calif. :
_cebrary,
_d2013.
_nAvailable via World Wide Web.
_nAccess may be limited to ebrary affiliated libraries.
650 0 _aScience and state
_zUnited States.
650 0 _aTechnology and state
_zUnited States.
650 0 _aResearch
_xGovernment policy
_zUnited States.
655 7 _aElectronic books.
_2local
700 1 _aSmith, Tobin L.,
_d1969-
700 1 _aMcCormick, Jennifer B.,
_d1966-
710 2 _aebrary, Inc.
856 4 0 _uhttp://site.ebrary.com/lib/rucke/Doc?id=10424697
_zAn electronic book accessible through the World Wide Web; click to view
999 _c143543
_d143543